000 00863nmm a2200277 a 4500
001 ocm0001257015
003 TR-IsHL
005 20201028160901.0
008 160715s2013 tu tur
007 cr cn
020 _a9786055476656
035 _a1257015
_b(N$T)
050 0 4 _aPL248.T36
_bK3 2013
090 0 4 _aPL248.T36
_bK3 2013
100 1 _aTanrısever, Sevgi
245 1 0 _aKahramanım Atatürk
_h[electronic resource] /
_cSevgi Tanrısever
260 _aİstanbul :
_bBizim Kitaplar,
_c2013
300 _a80 p.
650 4 _aTarih
650 4 _aHistory
650 0 _aÇocuk hikayeleri, Türk
650 0 _aChildren story, Turkish
650 0 _aAtatürk, Mustafa Kemal, 1881-1938
650 7 _aJUVENILE FICTION / General
_2bisacsh
856 4 0 _uhttp://search.ebscohost.com/login.aspx?direct=true&scope=site&db=e011xww&AN=1257015
999 _c13832
_d13832